| 000 | 01070nam a2200277Ia 4500 | ||
|---|---|---|---|
| 003 | GCL | ||
| 008 | 140319s9999 xx 000 0 ara d | ||
| 040 |
_aGCL / _cGCL |
||
| 082 | 0 | 4 |
_a901 _bت م |
| 100 | 1 | _aتحية عبدالعزيز اسماعيل | |
| 245 | 1 | 0 |
_aالمحور الثالث / _cتحية عبدالعزيز اسماعيل |
| 250 | _aالاولى | ||
| 260 |
_aالقاهرة : _bمطابع الاهرام ، _c2004 |
||
| 300 |
_a439ص ؛ _c24سم |
||
| 650 | 0 | 4 | _aالثورة الفرنسية |
| 650 | 0 | 4 | _aفلسطين - تاريخ |
| 650 | 0 | 4 | _aالحرب العالمية الاولى 1914- 1918 |
| 650 | 0 | 4 | _aالحرب العالمية الثانية 1939 - 1945 |
| 650 | 0 | 4 | _aاليهود - تاريخ |
| 650 | 0 | 4 | _aتركيا - تاريخ |
| 650 | 0 | 4 | _aالولايات المتحدة الامريكية - الاحوال الاجتماعية |
| 650 | 0 | 4 | _aالعراق - تاريخ -العصر الحديث |
| 650 | 0 | 4 | _aمصر - تاريخ - العصر الحديث |
| 650 | 0 | 4 | _aالثورة الروسيه |
| 942 |
_2ddc _cBK |
||
| 999 |
_c7691 _d7691 |
||